00365nam a22001337a 450000500170000000800410001704100120005808200130007010000120008324500350009526000450013030000310017565000250020620241101082159.0241101b |||||||| |||| 00| 0 eng d aEnglish a349 LAW  lEnglish aThe Law Reports: Appeal Cases  aLondon:bWilliam Clowes and Sons, c1879 bxxiii, 862 pages; c26 cm. aLegal practice bLaw